000 00463nam a2200169Ia 4500
008 230718s9999 xx 000 0 und d
041 _aeng
082 _a621.381
_bGOT
100 _aGothmann W.H.
245 _aDigital Electronics
_bAn Introduction to Theory and Practice
250 _a2nd ed.
260 _c1995
_bPrentice Hall of India Pvt. Ltd.
300 _a383
365 _cRs.
_b95.00
700 _aGothmann W.H.
906 _dDonated by Shrilata
_cETC
999 _c313853
_d313853